Statistics for Карта на света без 20 произволни държави

Click here to take the quiz!

General Stats

  • This quiz has been taken 195 times
  • The average score is 10 of 20

Answers on the Map

Answers color-coded by a green-red scale on the quiz's map according to % correct below.
 

Answer Stats

държава% Correct
Фиджи
100%
Румъния
100%
Индонезия
100%
Италия
100%
Либия
100%
Мексико
100%
Молдова
100%
Монголия
100%
Алжир
100%
Нигерия
100%
Пакистан
100%
Перу
100%
Португалия
100%
Русия
100%
Дания
100%
Сърбия
100%
Словакия
100%
Сомалия
100%
Испания
100%
Суринам
100%
Швейцария
100%
Туркменистан
100%
Великобритания
100%
САЩ
100%
Венецуела
100%
Замбия
100%
Кирибати
100%
Индия
100%
Нигер
100%
Бразилия
100%
Боливия
100%
Китай
100%
Канада
100%
Мианмар
100%
България
100%
Ботсвана
100%
Австралия
100%
Аржентина
100%
Мали
86%
Швеция
83%
Германия
83%
Ирак
82%
Полша
80%
Колумбия
80%
Египет
75%
Етиопия
75%
Тунис
75%
Мавритания
75%
Северна Македония
75%
Норвегия
71%
Афганистан
71%
Камерун
67%
Казахстан
67%
Саудитска Арабия
67%
Финландия
67%
Босна и Херцеговина
67%
ЮАР
67%
Гърция
67%
Турция
67%
Уганда
67%
Беларус
67%
Япония
67%
Узбекистан
67%
Вануату
67%
Мадагаскар
63%
Иран
60%
Танзания
60%
Украйна
50%
Панама
50%
Габон
50%
Франция
50%
Чехия
50%
Есватини
50%
ДР Конго
50%
Лесото
50%
Южен Судан
50%
Судан
50%
Белгия
50%
Сирия
50%
Австрия
50%
Унгария
50%
Бенин
50%
Нидерландия
50%
Мароко
50%
Гаяна
50%
Косово
50%
Киргизстан
50%
Гвинея Бисау
50%
Литва
50%
ЦАР
50%
Коста Рика
40%
Кения
40%
Уругвай
33%
Сиера Леоне
33%
Бангладеш
33%
Непал
33%
Сейшели
33%
Словения
33%
Микронезия
33%
Гана
33%
Шри Ланка
33%
Оман
33%
Южна Корея
33%
Грузия
33%
Филипини
33%
Мозамбик
33%
Кувейт
33%
Конго
33%
Нова Зеландия
25%
Албания
25%
Гвинея
25%
Таджикистан
25%
Тонга
25%
Камбоджа
25%
Лаос
25%
Гватемала
20%
Мавриций
20%
Йемен
20%
Бахами
17%
Руанда
0%
Салвадор
0%
Хаити
0%
Белиз
0%
Науру
0%
Тувалу
0%
Хондурас
0%
Израел
0%
Ангола
0%
Маршали
0%
Малдиви
0%
Малта
0%
Палау
0%
Кабо Верде
0%
Сао Томе и Принсипи
0%
Комори
0%
Самоа
0%
Ямайка
0%
Никарагуа
0%
Кот д'Ивоар
0%
Бурунди
0%
Папуа Нова Гвинея
0%
Екваториална Гвинея
0%
Северна Корея
0%
Буркина Фасо
0%
Чад
0%
Чили
0%
Сенегал
0%
Естония
0%
Малайзия
0%
Малави
0%
Исландия
0%
Либерия
0%
Еритрея
0%
Латвия
0%
Тайван
0%
Тайланд
0%
Соломонови острови
0%
Того
0%
Еквадор
0%
Намибия
0%
Йордания
0%
ОАЕ
0%
Азербайджан
0%
Парагвай
0%
Ирландия
0%
Доминиканска република
0%
Виетнам
0%
Хърватия
0%
Зимбабве
0%
Армения
0%
Куба
0%

Score Distribution

Percentile by Number Answered

Percent of People with Each Score

Your Score History

You have not taken this quiz